[Event "International Tournament "]
[Site "Paracin, Pool "]
[Date "2019.07.06"]
[Round "3.82"]
[White "Altun, Arda"]
[Black "Savic, Robert"]
[Result "1-0"]
[WhiteElo "2124"]
[BlackElo "1929"]
[PlyCount "81"]
[EventDate "2019.07.05"]

1. e4 c5 2. Nf3 d6 3. d4 cxd4 4. Nxd4 Nf6 5. Nc3 a6 6. g3 e5 7. Nde2 Bg4 8. Bg2
Nbd7 9. O-O b5 10. h3 Be6 11. g4 h6 12. Ng3 g6 13. Kh1 Rc8 14. f4 Bc4 15. Re1
b4 16. Nd5 Bxd5 17. exd5 Qc7 18. fxe5 dxe5 19. Be3 Bc5 20. Qf3 Bxe3 21. Qxe3
Kf8 22. c4 bxc3 23. bxc3 Kg7 24. Rac1 Qc4 25. Qe2 Qxe2 26. Rxe2 Rc5 27. d6 a5
28. Ne4 Nxe4 29. Bxe4 Rb8 30. c4 Rb4 31. Rec2 Rb6 32. Rd1 Rb4 33. Bd5 Nb6 34.
Re2 Nxd5 35. Rxe5 Rcxc4 36. d7 Rc2 37. d8=Q Rbb2 38. Qxd5 Rh2+ 39. Kg1 Rxa2 40.
Re7 Raf2 41. Rf1 1-0

[Event "International Tournament "]
[Site "Paracin, Pool "]
[Date "2019.07.06"]
[Round "3.83"]
[White "Kolbert, Engelbert"]
[Black "Anand, Batsukh"]
[Result "1-0"]
[WhiteElo "2096"]
[BlackElo "1899"]
[PlyCount "71"]
[EventDate "2019.07.05"]

1. e4 c5 2. Nf3 e6 3. d4 cxd4 4. Nxd4 a6 5. c4 Nf6 6. Nc3 Qc7 7. a3 b6 8. Be2
Bb7 9. f3 d6 10. Be3 Nbd7 11. O-O Be7 12. Rc1 O-O 13. g4 Rfd8 14. g5 Ne8 15. f4
Nc5 16. Bf3 e5 17. Nf5 Bf8 18. b4 Nd7 19. Nd5 Bxd5 20. cxd5 Qb7 21. Rc6 Rac8
22. Qc2 Nb8 23. Rxb6 Qxb6 24. Bxb6 Rxc2 25. Bxd8 exf4 26. Bd1 Rd2 27. Ba4 g6
28. Bxe8 gxf5 29. Rxf4 fxe4 30. Bxf7+ Kh8 31. Be6 Bg7 32. Rxe4 Rc2 33. Bf5 Rc1+
34. Kf2 Rc2+ 35. Ke3 Rc1 36. Re8+ 1-0